| Record ID | marc_loc_2016/BooksAll.2016.part23.utf8:125123418:721 |
| Source | Library of Congress |
| Download Link | /show-records/marc_loc_2016/BooksAll.2016.part23.utf8:125123418:721?format=raw |
LEADER: 00721cam a2200217 a 4500
001 94013108
003 DLC
005 19950714113043.3
008 940525s1995 enka b 001 0 eng
010 $a 94013108
020 $a0632032243
040 $aDLC$cDLC$dDLC
050 00 $aQE33.2.S82$bS93 1995
082 00 $a550/.72$220
100 1 $aSwan, A. R. H.
245 10 $aIntroduction to geological data analysis /$cA.R.H. Swan, M. Sandilands ; with statistical tables by P. McCabe.
260 $aOxford ;$aCambridge, Mass., USA :$bBlackwell Science,$c1995.
300 $axiv, 446 p. :$bill. ;$c25 cm.
504 $aIncludes bibliographical references and index.
650 0 $aGeology$xStatistical methods.
700 10 $aSandilands, M.